| 000 | 00576nam a22001817a 4500 | ||
|---|---|---|---|
| 003 | OSt | ||
| 005 | 20190102071317.0 | ||
| 008 | 180320b xxu||||| |||| 00| 0 spa d | ||
| 040 | _cPJ | ||
| 100 |
_91190 _aMartiré, Eduardo |
||
| 245 | 1 | 0 |
_aConsideraciones metodológicas sobre la de historia del derecho / _cEduardo Martiré. |
| 260 |
_aBuenos Aires : _bAbeledo Perrot, _c1977. |
||
| 300 |
_a35 p. _c23 cm |
||
| 490 |
_aLecciones de Historia Jurídica _v4 |
||
| 650 |
_aHISTORIA DEL DERECHO _9202 |
||
| 650 | 0 |
_aMETODO JURIDICO _9253 |
|
| 942 |
_2udc _cLIB _h340.15 _iMAR |
||
| 999 |
_c866 _d866 |
||